[Event "Politiken"]
[Site "Copenhagen DEN"]
[Date "1996.06.23"]
[Round "2"]
[White "Akesson, R"]
[Black "Hartvig, O"]
[Result "1-0"]
[WhiteElo "2505"]
[BlackElo "2300"]

1. Nf3 Nf6 2. c4 c5 3. Nc3 Nc6 4. g3 g6 5. d4 cxd4 6. Nxd4 Nxd4 7. Qxd4 Bg7
8. Bg2 d6 9. O-O O-O 10. Qd3 a6 11. Be3 Bf5 12. Qd2 Qd7 13. Bd4 Be6 14. b3
Bh3 15. Rac1 Bxg2 16. Kxg2 Rfe8 17. Rfd1 b6 18. Bxf6 Bxf6 19. Nd5 Bg7 20.
c5 bxc5 21. Rxc5 Rec8 22. Rdc1 Rxc5 23. Rxc5 e6 24. Rc7 Qd8 25. Qf4 f5 26.
Ne7+ Kh8 27. Rb7 a5 28. Qc4 e5 29. Qe6 a4 30. bxa4 Rxa4 31. Nc6 Qg8 32. Rb8
Bf8 33. Qf6+ Qg7 34. Rxf8+ 1-0

[Event "Politiken"]
[Site "Copenhagen DEN"]
[Date "1996.06.23"]
[Round "2"]
[White "Hector, J"]
[Black "Madsen, D"]
[Result "1-0"]
[WhiteElo "2520"]
[BlackElo "2325"]

1. e4 Nf6 2. Nc3 d5 3. e5 Nfd7 4. e6 fxe6 5. d4 c5 6. Nf3 Nc6 7. Bb5 g6 8.
Be3 Bg7 9. dxc5 O-O 10. O-O Qc7 11. Re1 Nde5 12. Nd4 Bd7 13. Be2 Nxd4 14.
Bxd4 Rf4 15. Be3 Rf7 16. f4 Nc6 17. Nb5 Qd8 18. c3 a6 19. Nd4 e5 20. fxe5
Bxe5 21. Nf3 Bf5 22. Nxe5 Nxe5 23. Bd4 Qc7 24. Bxe5 Qxe5 25. Bc4 Be4 26.
Rxe4 dxe4 27. Qd4 Qxd4+ 28. cxd4 Kg7 29. Bxf7 Kxf7 30. Re1 Rd8 31. Rxe4 e5
32. dxe5 Ke6 33. Kf2 Kd5 34. Re2 Kxc5 35. Ke3 Re8 36. Ke4 Kc6 37. Rf2 Re7
38. Rf6+ Kd7 39. Kd5 Kc7 40. e6 1-0

[Event "Politiken"]
[Site "Copenhagen DEN"]
[Date "1996.06.23"]
[Round "2"]
[White "Sorensen, H"]
[Black "Borge, N"]
[Result "0-1"]
[WhiteElo "2245"]
[BlackElo "2455"]

1. d4 Nf6 2. c3 d5 3. Bf4 c6 4. e3 Qb6 5. Qb3 Nh5 6. Bg5 h6 7. Bh4 g5 8.
Be2 Ng7 9. Bg3 Nf5 10. Be5 f6 11. Bh5+ Kd8 12. Bxb8 Rxb8 13. Qxb6+ axb6 14.
Nd2 Nd6 15. f4 Bf5 16. Be2 Rg8 17. g4 Bd7 18. h3 b5 19. Ngf3 Kc7 20. O-O-O
e6 21. Rde1 b6 22. fxg5 hxg5 23. Bd3 Ra8 24. a3 Nc4 25. e4 Bd6 26. e5 fxe5
27. Bxc4 e4 28. Be2 exf3 29. Nxf3 Bg3 30. Ref1 Kd6 31. h4 gxh4 32. Nxh4
Raf8 33. Rxf8 Rxf8 34. Ng6 Rf2 35. Rh3 Rg2 36. Bf3 Rg1+ 37. Kd2 c5 38. Nh8
Bf4+ 39. Kc2 Rc1+ 40. Kb3 c4+ 41. Ka2 b4 42. axb4 Ba4 43. Rh1 Rxh1 44. Bxh1
Be8 0-1

[Event "Politiken"]
[Site "Copenhagen DEN"]
[Date "1996.06.23"]
[Round "2"]
[White "Lejlic, S"]
[Black "Thorfinnsson, B"]
[Result "1-0"]
[WhiteElo "2420"]
[BlackElo "2155"]

1. e4 c5 2. Nf3 d6 3. c3 Nf6 4. Be2 g6 5. O-O Bg7 6. Re1 O-O 7. Bf1 b6 8.
d4 cxd4 9. cxd4 Bb7 10. Nc3 Nbd7 11. h3 e5 12. d5 Ne8 13. a4 a6 14. Bg5 f6
15. Bd2 Qe7 16. Qb3 Rb8 17. Rac1 f5 18. Be3 Bc8 19. Na2 f4 20. Bd2 Kh8 21.
Nb4 Nc5 22. Qc2 Bd7 23. Nc6 Bxc6 24. dxc6 Nc7 25. b4 N5e6 26. Bc3 g5 27.
Nd2 Rfd8 28. b5 axb5 29. axb5 Bf6 30. Ra1 Qg7 31. Be2 Qg6 32. Qd1 Ra8 33.
Rxa8 Rxa8 34. Bb4 Rd8 35. Nc4 Nxb5 36. Nxb6 Nbd4 37. Bh5 Qg7 38. Qg4 Rb8
39. Nd5 Rc8 40. c7 Qf8 41. Bc3 Bg7 42. Bxd4 Nxd4 43. Rb1 Nc6 44. Qxc8 Qxc8
45. Bg4 1-0

[Event "Politiken"]
[Site "Copenhagen DEN"]
[Date "1996.06.23"]
[Round "2"]
[White "Tisdall, J"]
[Black "Furhoff, J"]
[Result "1/2-1/2"]
[WhiteElo "2510"]
[BlackElo "2305"]

1. Nf3 Nc6 2. d4 d5 3. Bf4 Bg4 4. Nbd2 e6 5. e3 Bd6 6. Bxd6 cxd6 7. h3 Bh5
8. c3 Qb6 9. Qb3 Nf6 10. g4 Bg6 11. Qxb6 axb6 12. Nh4 Ke7 13. Nxg6+ hxg6
14. Bg2 Rhc8 15. Ke2 b5 16. g5 Nd7 17. h4 Nb6 18. h5 gxh5 19. Rxh5 b4 20.
Rh7 bxc3 21. bxc3 Na4 22. Kd3 Na5 23. Rxg7 Rxc3+ 24. Ke2 Rc2 25. Ke1 Nc3
26. Bf3 Nc6 27. Bh5 Nd8 28. Nf3 Ne4 29. Rh7 Kf8 30. g6 fxg6 31. Bxg6 Raxa2
32. Rxa2 Rxa2 33. Bxe4 dxe4 34. Ng5 d5 35. Rc7 b5 36. Nh7+ Ke8 37. Nf6+ Kf8
38. Nh7+ Ke8 39. Nf6+ Kf8 40. Nd7+ Ke7 41. Ne5+ Kf6 42. Rd7 Ra8 43. Kd2 Rc8
44. Rd6 1/2-1/2

[Event "Politiken"]
[Site "Copenhagen DEN"]
[Date "1996.06.23"]
[Round "2"]
[White "Fant, G"]
[Black "Olsen, P"]
[Result "0-1"]
[WhiteElo "2090"]
[BlackElo "2225"]

1. d4 Nf6 2. c4 c5 3. d5 b5 4. Nc3 b4 5. Nb1 g6 6. Qa4 Bg7 7. a3 O-O 8.
axb4 cxb4 9. Qxb4 e6 10. Bf4 Na6 11. Qb5 Nc7 12. Qa5 d6 13. dxe6 Nxe6 14.
Be3 Rb8 15. Qxd8 Rxd8 16. Nd2 Rxb2 17. f3 Nc5 18. Rxa7 Re8 19. Ra8 Nfd7 20.
Ne4 Nb6 21. Ra7 Nxe4 22. fxe4 Nxc4 23. Bf4 Rb1+ 24. Kf2 Bd4+ 0-1

[Event "Politiken"]
[Site "Copenhagen DEN"]
[Date "1996.06.23"]
[Round "2"]
[White "Jorgensen, S"]
[Black "Lobejko, R"]
[Result "0-1"]
[WhiteElo "2065"]
[BlackElo "2215"]

1. e4 c5 2. c3 g6 3. d4 cxd4 4. cxd4 d5 5. e5 Nc6 6. Nc3 Bg7 7. Be3 Nh6 8.
Bd3 O-O 9. Qb3 e6 10. Nf3 Ng4 11. O-O Nxe3 12. fxe3 f6 13. exf6 Bxf6 14. a3
Bd7 15. Qc2 Qe7 16. b4 Rac8 17. Qb3 Qg7 18. a4 Nxd4 19. Nxd4 Bxd4 20. Rxf8+
Rxf8 21. exd4 Qxd4+ 22. Kh1 Qxd3 23. h4 d4 0-1

[Event "Politiken"]
[Site "Copenhagen DEN"]
[Date "1996.06.23"]
[Round "2"]
[White "Hartman, C"]
[Black "Petursson, M"]
[Result "0-1"]
[WhiteElo "2370"]
[BlackElo "2585"]

1. e4 c5 2. Nf3 d6 3. d4 cxd4 4. Nxd4 Nf6 5. Nc3 Nc6 6. Bg5 e6 7. Qd2 a6 8.
O-O-O h6 9. Be3 Qc7 10. f4 Bd7 11. Be2 b5 12. Bf3 Rc8 13. Nxc6 Bxc6 14.
Rhe1 Be7 15. Bd4 O-O 16. e5 dxe5 17. fxe5 Nd7 18. Kb1 Rfd8 19. Qf2 Bxf3 20.
gxf3 b4 21. Ne4 Nxe5 22. f4 Rxd4 23. Rxd4 Nf3 24. Red1 Nxd4 25. Rxd4 f5 0-1

[Event "Politiken"]
[Site "Copenhagen DEN"]
[Date "1996.06.23"]
[Round "2"]
[White "Fulgsang, F"]
[Black "Ward, C"]
[Result "0-1"]
[WhiteElo "2285"]
[BlackElo "2505"]

1. e4 c5 2. Nf3 d6 3. d4 cxd4 4. Nxd4 Nf6 5. Nc3 g6 6. Be2 Bg7 7. O-O Nc6
8. Nb3 O-O 9. Bg5 a6 10. Kh1 b5 11. a3 Be6 12. f4 Rc8 13. Bf3 Bc4 14. Re1
h6 15. Bh4 e5 16. f5 Bxb3 17. cxb3 Nd4 18. g4 g5 19. Bf2 Nd7 20. h4 gxh4
21. Nd5 Kh7 22. Rg1 Bf6 23. Rg2 Rg8 24. Rh2 Rc2 25. Be3 Rxh2+ 26. Kxh2 Nb6
27. Nxb6 Qxb6 28. Rc1 Bg5 29. Bxd4 exd4 30. Rc2 Bf4+ 31. Kh3 d3 32. Rg2 Qe3
33. Kxh4 Rc8 34. Rg1 Qf2+ 0-1

[Event "Politiken"]
[Site "Copenhagen DEN"]
[Date "1996.06.23"]
[Round "2"]
[White "Hoiberg, N"]
[Black "Nielsen, PH"]
[Result "0-1"]
[WhiteElo "2290"]
[BlackElo "2495"]

1. e4 c5 2. Nf3 e6 3. d4 cxd4 4. Nxd4 Nf6 5. Nc3 d6 6. Bd3 a6 7. O-O b6 8.
f4 Bb7 9. Qf3 Nbd7 10. Be3 Rc8 11. f5 e5 12. Nb3 Be7 13. Nd2 b5 14. a4 b4
15. Na2 d5 16. exd5 Nxd5 17. Ne4 Nxe3 18. Qxe3 Nf6 19. Kh1 Qd5 20. Rfe1 O-O
21. c4 Qc6 22. Qg3 Kh8 23. Nxf6 gxf6 24. Be4 Qxe4 25. Rxe4 Bxe4 26. b3 Rg8
27. Qf2 Bc5 28. Qe2 Bxg2+ 29. Qxg2 Rxg2 30. Kxg2 Rd8 31. Nc1 Rd1 32. Kf3
Bd4 33. Rb1 Kg7 34. Ke2 Rh1 35. Kd3 Re1 36. Kd2 Bc3+ 37. Kc2 e4 38. c5 Kf8
0-1

[Event "Politiken"]
[Site "Copenhagen DEN"]
[Date "1996.06.23"]
[Round "2"]
[White "Glek, I"]
[Black "Fries Nielsen, JO"]
[Result "1-0"]
[WhiteElo "2635"]
[BlackElo "2420"]

1. e4 g6 2. d4 Bg7 3. Nc3 c6 4. h3 d6 5. f4 e5 6. dxe5 Qh4+ 7. Ke2 dxe5 8.
Nf3 Qh5 9. fxe5 Bxe5 10. Kf2 Bc7 11. e5 Bg4 12. hxg4 Qxh1 13. Ne4 Nh6 14.
Ng3 Nxg4+ 15. Ke2 1-0

[Event "Politiken"]
[Site "Copenhagen DEN"]
[Date "1996.06.23"]
[Round "2"]
[White "Schandorff, L"]
[Black "Nilssen, J"]
[Result "1-0"]
[WhiteElo "2485"]
[BlackElo "2275"]

1. d4 Nf6 2. Nf3 e6 3. c4 b6 4. a3 Ba6 5. Qb3 c5 6. d5 exd5 7. cxd5 g6 8.
Qe3+ Qe7 9. Qxe7+ Bxe7 10. Nc3 O-O 11. Bf4 Re8 12. O-O-O d6 13. e4 Bf8 14.
Nd2 Nh5 15. Be3 f5 16. exf5 gxf5 17. Nc4 b5 18. Na5 c4 19. a4 b4 20. Nb5
Bxb5 21. axb5 c3 22. bxc3 bxc3 23. g3 Nd7 24. Bd3 Ng7 25. Nc6 Ne5 26. Kc2
Nxd3 27. Rxd3 Nh5 28. Rxc3 Nf6 29. Rd1 Re4 30. Ra3 Bg7 31. b6 Nd7 32. Rxa7
Rxa7 33. bxa7 Ra4 34. Rb1 1-0

[Event "Politiken"]
[Site "Copenhagen DEN"]
[Date "1996.06.23"]
[Round "2"]
[White "Wolski, T"]
[Black "Eriksson, I"]
[Result "1-0"]
[WhiteElo "2310"]
[BlackElo "2095"]

1. Nf3 Nf6 2. g3 g6 3. b4 d5 4. Bb2 Bg7 5. d3 O-O 6. Nbd2 c6 7. c4 dxc4 8.
Nxc4 Be6 9. Bg2 Nbd7 10. O-O Nb6 11. Na5 Qd7 12. Qc2 Rab8 13. a3 Nfd5 14.
e4 Nc7 15. Ne5 Qe8 16. f4 Nd7 17. Rac1 Nxe5 18. fxe5 Qd7 19. d4 Rfe8 20.
Qf2 Bh6 21. Rcd1 b6 22. Nxc6 Qxc6 23. d5 Qc4 24. dxe6 Qxe6 25. Kh1 Rf8 26.
Rd3 Bg7 27. Qf4 Nb5 28. g4 Rbd8 29. Rh3 Nd4 30. g5 Bxe5 31. Qh4 h5 32. gxh6
Kh7 33. Rd3 Nf3 34. Rdxf3 Bxb2 35. Bh3 Qc4 36. Qxe7 Rde8 37. Rxf7+ Rxf7 38.
Rxf7+ 1-0

[Event "Politiken"]
[Site "Copenhagen DEN"]
[Date "1996.06.23"]
[Round "2"]
[White "Henrichsen, J"]
[Black "Bekker Jensen, D"]
[Result "1-0"]
[WhiteElo "2075"]
[BlackElo "2220"]

1. d4 Nf6 2. c4 g6 3. Nc3 Bg7 4. e4 d6 5. Be2 O-O 6. Nf3 e5 7. O-O Na6 8.
Rb1 c6 9. b4 exd4 10. Nxd4 Re8 11. f3 Nc7 12. Bg5 h6 13. Bh4 g5 14. Bf2 Nd7
15. Qd2 Qf6 16. Rbc1 Ne5 17. Rfd1 Be6 18. Nxe6 Nxe6 19. a4 Nf4 20. b5 Red8
21. Qc2 Qe6 22. bxc6 bxc6 23. c5 Neg6 24. Bf1 Ne5 25. Ne2 Nxe2+ 26. Bxe2
Bf8 27. cxd6 Bxd6 28. Bg3 h5 29. Rd2 h4 30. Bf2 Ng6 31. Bd4 Bf4 32. Bc4 Qd6
33. e5 Qc7 34. Qxg6+ Kf8 35. Bc5+ Qe7 36. Bxe7+ Kxe7 37. Qxf7+ 1-0

[Event "Politiken"]
[Site "Copenhagen DEN"]
[Date "1996.06.23"]
[Round "2"]
[White "Zakariasen, P"]
[Black "Bonnez, F"]
[Result "1/2-1/2"]
[WhiteElo "2005"]
[BlackElo "2205"]

1. e4 e5 2. Nf3 d6 3. d4 exd4 4. Nxd4 Nf6 5. Nc3 g6 6. g3 Bg7 7. Bg2 O-O 8.
O-O Nbd7 9. Nb3 Nb6 10. Nd5 Nbxd5 11. exd5 Bg4 12. f3 Bd7 13. c4 b5 14. c5
dxc5 15. Nxc5 Qe7 16. Ne4 Nxe4 17. fxe4 Qc5+ 18. Kh1 f5 19. Qb3 fxe4 20.
Be3 Qc4 21. Qxc4 bxc4 22. Rab1 Rfb8 23. Rfc1 Bb5 24. Bf4 Ba6 25. Bxe4 Rxb2
26. d6 1/2-1/2

[Event "Politiken"]
[Site "Copenhagen DEN"]
[Date "1996.06.23"]
[Round "2"]
[White "Stuart, E"]
[Black "Ligaard, M"]
[Result "0-1"]
[WhiteElo "2050"]
[BlackElo "2210"]

1. d4 d5 2. Nf3 c6 3. e3 e6 4. Nbd2 Nd7 5. Bd3 Bd6 6. e4 c5 7. exd5 exd5 8.
O-O Ne7 9. c3 O-O 10. Re1 Nc6 11. Nf1 h6 12. Ne3 Nf6 13. Nf5 Bxf5 14. Bxf5
Re8 15. Rxe8+ Qxe8 16. Be3 c4 17. b3 b5 18. bxc4 bxc4 19. Rb1 Rb8 20. Nd2
Qd8 21. g3 Qa5 22. Rxb8+ Bxb8 23. Qb1 Qb6 24. Qxb6 axb6 25. a4 Kf8 26. Kf1
Bd6 27. Ke1 Ke7 28. Kd1 Kd8 29. Nb1 Ne7 30. Bh3 Kc7 31. Bc1 Kb7 32. f3 Ka6
33. Ba3 Bxa3 34. Nxa3 Ka5 35. Nb5 Kxa4 36. Nd6 b5 37. Bf5 Nxf5 38. Nxf5 Kb3
39. Kd2 Ne8 40. Ne3 Nc7 41. Nc2 Na8 42. Nb4 Nb6 43. h4 g6 44. g4 g5 45. h5
f6 46. Na6 Na4 47. Nc5+ Kb2 48. Nd7 b4 0-1

[Event "Politiken"]
[Site "Copenhagen DEN"]
[Date "1996.06.23"]
[Round "2"]
[White "Bromman, T"]
[Black "Andersson, C"]
[Result "1/2-1/2"]
[WhiteElo "2220"]
[BlackElo "2040"]

1. e4 e6 2. d4 d5 3. e5 c5 4. c3 Nc6 5. Nf3 Bd7 6. a3 Qc7 7. Be2 f6 8. exf6
Nxf6 9. O-O Bd6 10. h3 O-O 11. Be3 cxd4 12. cxd4 Rae8 13. Nc3 a6 14. Rc1
Bf4 15. Qd2 Bxe3 16. Qxe3 Nh5 17. Ne5 Nf4 18. Bg4 Nxe5 19. dxe5 Bc6 20. g3
h5 21. gxf4 hxg4 22. hxg4 Qf7 23. Ne2 Bb5 24. Rfd1 Bxe2 25. Qxe2 Qxf4 26.
Rc7 b5 27. Rdc1 Qd4 28. Rd1 Rxf2 29. Rxd4 Rxe2 30. Rf4 Rf8 31. Rxf8+ Kxf8
32. Rc6 Rxe5 33. Rxa6 Kf7 34. Kf2 Kg6 35. Rb6 Kg5 36. Rxb5 Kxg4 37. a4 Re4
38. a5 Ra4 39. Rb6 Rxa5 40. Rxe6 Rb5 41. Rg6+ Kf4 42. Rxg7 Rxb2+ 43. Ke1
Ke4 44. Rg3 d4 45. Rh3 d3 46. Rh8 Rc2 47. Re8+ Kd4 48. Rd8+ Kc3 49. Rc8+
Kb2 50. Rd8 Kc3 51. Rc8+ Kb2 52. Rd8 Re2+ 53. Kd1 Kc3 54. Rc8+ Kd4 55. Rd8+
Kc4 56. Rc8+ Kd4 57. Rd8+ Ke3 58. Re8+ Kf2 59. Rf8+ Kg3 60. Rd8 1/2-1/2

[Event "Politiken"]
[Site "Copenhagen DEN"]
[Date "1996.06.23"]
[Round "2"]
[White "Preuss, F"]
[Black "Schneider, S"]
[Result "0-1"]
[WhiteElo "2100"]
[BlackElo "2225"]

1. f4 d5 2. Nf3 g6 3. g3 Bg7 4. Bg2 c5 5. O-O Nc6 6. d3 Nf6 7. Nc3 d4 8.
Ne4 Qb6 9. Nxf6+ Bxf6 10. e4 dxe3 11. c3 Bf5 12. Qe2 Rd8 13. Rd1 Qa6 14.
Ne1 O-O 15. Bxe3 e5 16. Bxc5 Rfe8 17. Qf2 Re6 18. Bf1 Qa5 19. h3 h5 20. Nf3
e4 21. dxe4 Rxd1 22. Rxd1 Bxe4 23. b4 Qa4 24. Rd6 Rxd6 25. Bxd6 Bxc3 26.
Qe3 Bxb4 27. Bxb4 Qxb4 28. Ng5 Bd5 29. a3 Qd4 30. Kf2 a6 31. Nf3 Qb2+ 32.
Kg1 Qb3 33. Qxb3 Bxb3 34. Kf2 Kf8 35. Ke3 Bd5 36. Nd4 Na5 37. Nc2 Ke7 38.
Kd4 Kd6 39. h4 Nc6+ 40. Kc3 f5 41. Nb4 Na5 42. Kd4 Bf7 43. Bg2 Nb3+ 44. Kc3
Nc5 45. Kd4 Nb3+ 46. Kc3 Nc5 47. Kd4 a5 48. Nc2 b5 49. Ne3 Nb3+ 50. Kc3 Kc5
51. Nc2 Bc4 52. Bf3 Nd4 0-1

[Event "Politiken"]
[Site "Copenhagen DEN"]
[Date "1996.06.23"]
[Round "2"]
[White "Strange, M"]
[Black "Mortensen, E"]
[Result "0-1"]
[WhiteElo "2245"]
[BlackElo "2430"]

1. e4 c5 2. Nf3 Nc6 3. d4 cxd4 4. Nxd4 Qc7 5. Nc3 e6 6. g3 a6 7. Bg2 d6 8.
O-O Be7 9. Be3 Nf6 10. Qe2 O-O 11. Rad1 Bd7 12. f4 Nxd4 13. Bxd4 Bc6 14.
Kh1 b5 15. e5 dxe5 16. Bxe5 Qb7 17. Bxc6 Qxc6+ 18. Qf3 Rac8 19. a3 h5 20.
Qxc6 Rxc6 21. Rd2 Rfc8 22. h3 a5 23. Nxb5 Ne4 24. Rg2 Rxc2 25. Nc3 Rxg2 26.
Kxg2 Nd2 27. Rf2 Nc4 28. Re2 Rd8 29. Nb5 Rd3 30. Bc3 h4 31. gxh4 Bxh4 32.
Bd4 Bf6 33. Bxf6 gxf6 34. Nc3 Nxb2 35. Ne4 Nc4 36. Nxf6+ Kg7 37. Nh5+ Kg6
38. Ng3 Rxa3 39. h4 Ne3+ 40. Kh2 Rc3 41. Re1 a4 42. Ne4 Rc2+ 43. Kh3 Nd5
44. Rg1+ Kf5 45. Nd6+ Kf6 46. Ra1 Ke7 47. Nb5 Rc5 48. Nd4 Rc4 49. Rd1 Nxf4+
0-1

[Event "Politiken"]
[Site "Copenhagen DEN"]
[Date "1996.06.23"]
[Round "2"]
[White "Ostergaard, J"]
[Black "Gausel, E"]
[Result "1/2-1/2"]
[WhiteElo "2300"]
[BlackElo "2515"]

1. d4 Nf6 2. c4 e6 3. Nf3 d5 4. Nc3 c6 5. e3 Nbd7 6. Bd3 dxc4 7. Bxc4 b5 8.
Bd3 a6 9. e4 c5 10. d5 c4 11. dxe6 fxe6 12. Bc2 Qc7 13. O-O Bd6 14. Nd4 Nb6
15. Kh1 Bd7 16. f4 e5 17. Nf3 Bg4 18. a4 b4 19. a5 Bxf3 20. Rxf3 Nbd7 21.
Nd5 Nxd5 22. Qxd5 O-O-O 23. Be3 exf4 24. Bb6 Nxb6 25. axb6 Qxb6 26. Qxc4+
Qc5 27. Qxa6+ Kc7 28. Ra5 Qc6 29. Qa7+ Qb7 30. Qd4 Kb8 31. Rd5 Bc7 32. Qxg7
Rxd5 33. Qxh8+ Rd8 34. Qxh7 Qa6 35. h3 Qa1+ 36. Kh2 Qxb2 37. Bb3 Qd4 38.
Bd5 Qf6 39. Qf7 Qxf7 40. Bxf7 Be5 41. Bd5 Kc7 42. h4 Rd7 43. Kh3 Rg7 44.
Bb3 Kd6 45. Rd3+ Ke7 46. Rf3 Rg6 47. Bd5 Rg7 1/2-1/2

[Event "Politiken"]
[Site "Copenhagen DEN"]
[Date "1996.06.23"]
[Round "2"]
[White "Koskinen, H"]
[Black "Hyldkrog, L"]
[Result "1-0"]
[WhiteElo "2230"]
[BlackElo "2075"]

1. d4 Nf6 2. c4 e6 3. g3 d5 4. Bg2 dxc4 5. Nf3 a6 6. a4 Nbd7 7. Qc2 c5 8.
O-O cxd4 9. Nxd4 Bc5 10. Qxc4 O-O 11. Rd1 Qe7 12. Nb3 Ba7 13. Bd2 Nb6 14.
Qh4 Rd8 15. Nc3 e5 16. a5 Nbd7 17. Bg5 h6 18. Nd5 Qf8 19. Nxf6+ Nxf6 20.
Bxf6 Rxd1+ 21. Rxd1 gxf6 22. Qxf6 Be6 23. Nc1 Qg7 24. Qe7 Bd4 25. Qxb7 Ra7
26. Qb8+ Qf8 27. Qxf8+ Kxf8 28. Nd3 Bc4 29. e3 Bxd3 30. exd4 e4 31. Bf1
Bxf1 32. Kxf1 Rb7 33. Rd2 Rb5 34. Ke2 Rxa5 35. Ke3 f5 36. Kf4 Ke7 37. d5
Kd6 38. Kxf5 Rxd5+ 39. Rxd5+ Kxd5 40. g4 a5 41. h4 1-0

[Event "Politiken"]
[Site "Copenhagen DEN"]
[Date "1996.06.23"]
[Round "2"]
[White "Hvenekilde, J"]
[Black "Tseshkovsky, V"]
[Result "1/2-1/2"]
[WhiteElo "2315"]
[BlackElo "2540"]

1. d4 d6 2. Nf3 g6 3. c4 Bg7 4. Nc3 Nf6 5. e4 O-O 6. Be2 e5 7. O-O Nc6 8.
d5 Ne7 9. Ne1 Ne8 10. Nd3 f5 11. Bd2 Nf6 12. f3 h5 13. Rc1 c6 14. b4 cxd5
15. cxd5 Bd7 16. Nf2 f4 17. Bb5 Bc8 18. a4 g5 19. Be2 Rf7 20. Nb5 Ne8 21.
Qb3 Bf6 22. Rc2 Rg7 23. h3 Bd7 24. Rfc1 g4 25. fxg4 Bh4 26. Be1 hxg4 27.
Bxg4 Bxg4 28. Nxg4 Bxe1 29. Rxe1 Kh7 30. Qf3 a6 31. Na3 Ng6 32. Nc4 Qg5 33.
Rec1 Nh4 34. Qf2 Nf6 35. Nxd6 Nxg4 36. hxg4 Qxg4 37. Rc7 Rag8 38. Nf5 Nxf5
39. exf5 e4 40. f6 Rxc7 41. Rxc7+ Kg6 42. f7 Qd1+ 1/2-1/2

[Event "Politiken"]
[Site "Copenhagen DEN"]
[Date "1996.06.23"]
[Round "2"]
[White "Kristensen, L"]
[Black "Pedersen, NV"]
[Result "0-1"]
[WhiteElo "2360"]
[BlackElo "2290"]

1. d4 d5 2. Nf3 Nf6 3. Bf4 c5 4. c3 Qb6 5. Qb3 c4 6. Qxb6 axb6 7. Na3 Bd7
8. Bxb8 Rxb8 9. Ne5 Ba4 10. b3 cxb3 11. axb3 Bc6 12. f3 e6 13. Nc2 Bd6 14.
Nd3 Ke7 15. e3 h5 16. Be2 h4 17. Ncb4 Ra8 18. O-O Bb5 19. Rxa8 Rxa8 20. Rc1
Rc8 21. Bf1 g5 22. h3 Nh5 23. Be2 Ng3 24. Bd1 f5 25. Rc2 Kf6 26. Kf2 Rc7
27. Ke1 Rc8 28. Kd2 f4 29. exf4 gxf4 30. Ke1 Nf5 31. Nf2 Bxb4 32. Ng4+ Kg5
33. cxb4 Rxc2 34. Bxc2 Nxd4 35. Bh7 Nxb3 36. Bg8 Nd4 37. Kd2 Bf1 38. Kc3
Nb5+ 39. Kd2 Nc7 40. Nf2 Bxg2 41. Ke2 e5 42. Bh7 Kf6 43. Ng4+ Ke6 44. Bg8+
Kd6 45. Nh6 Ke7 46. Nf5+ Kf6 47. Nxh4 Bxh3 48. Kf2 Kg7 0-1

[Event "Politiken"]
[Site "Copenhagen DEN"]
[Date "1996.06.23"]
[Round "2"]
[White "Koch, W"]
[Black "Hansen, LB"]
[Result "1/2-1/2"]
[WhiteElo "2325"]
[BlackElo "2565"]

1. d4 Nf6 2. Nf3 d5 3. c4 e6 4. Nc3 Nbd7 5. Bg5 c6 6. cxd5 exd5 7. e3 Be7
8. Qc2 Nf8 9. Bd3 Ne6 10. Bh4 g6 11. O-O O-O 12. Rab1 Ng4 13. Bxe7 Qxe7 14.
b4 a6 15. Na4 Ng5 16. Qe2 Ne4 17. Bxe4 dxe4 18. Nd2 Bf5 19. h3 Nf6 20. Nc3
h5 21. Rb2 Rad8 22. a4 Rc8 23. Nc4 Rc7 24. Nb6 Rd8 25. Qc4 Nh7 26. Qc5 Qh4
27. Qe5 Re7 28. Qg3 Qf6 29. Nc4 h4 30. Qh2 Qe6 31. Qe5 Qxe5 32. Nxe5 g5 33.
f4 exf3 34. Rxf3 Be6 35. Nd3 f6 36. Nc5 Bc4 37. a5 Kg7 38. g4 hxg3 39. Rxg3
f5 40. Rf2 Rf7 41. Ne2 Re8 42. Nc3 Kh6 43. e4 fxe4 44. Rxf7 Bxf7 45. N3xe4
Rd8 46. Rd3 Bg6 47. Rd2 Bxe4 48. Nxe4 Re8 49. Nc5 Re1+ 50. Kg2 Rb1 51. Nxb7
Rxb4 52. Nc5 Nf6 53. Nxa6 Ra4 54. Rc2 Rxa5 55. Rxc6 Kg7 56. Nb4 Ra3 57. d5
g4 58. hxg4 Nxg4 59. d6 Ne5 60. Rc5 Kf6 61. Rxe5 Kxe5 62. d7 Ra8 63. d8=Q
Rxd8 64. Nc6+ Ke4 65. Nxd8 1/2-1/2

[Event "Politiken"]
[Site "Copenhagen DEN"]
[Date "1996.06.23"]
[Round "2"]
[White "Hansen, Mo"]
[Black "Brondum, E"]
[Result "1/2-1/2"]
[WhiteElo "2085"]
[BlackElo "2270"]

1. d4 Nf6 2. c4 c5 3. d5 g6 4. Nc3 Bg7 5. e4 d6 6. Bd3 O-O 7. Nf3 e6 8. O-O
exd5 9. exd5 Re8 10. Re1 Rxe1+ 11. Qxe1 Bg4 12. Ng5 Na6 13. a3 Qd7 14. Bf4
Nc7 15. Qd2 a6 16. f3 Bf5 17. Bxf5 gxf5 18. Re1 b5 19. b3 Nh5 20. Be3
1/2-1/2

[Event "Politiken"]
[Site "Copenhagen DEN"]
[Date "1996.06.23"]
[Round "2"]
[White "Baburin, A"]
[Black "Hansen, GW"]
[Result "1-0"]
[WhiteElo "2505"]
[BlackElo "2295"]

1. d4 g6 2. c4 Bg7 3. Nf3 c5 4. d5 d6 5. e4 Nf6 6. Nc3 b5 7. cxb5 a6 8. a4
O-O 9. Ra3 e5 10. Be2 Nbd7 11. O-O Bb7 12. Nd2 Ne8 13. Nc4 f5 14. f3 f4 15.
Bd2 h5 16. bxa6 Bxa6 17. Nb5 Rf6 18. Na5 Nb8 19. b4 Bxb5 20. axb5 cxb4 21.
Bxb4 Qb6+ 22. Kh1 Bf8 23. Nc4 Qb7 24. Rxa8 Qxa8 25. Qa1 Qb7 26. Qa5 Be7 27.
Ra1 Nc7 28. Nxe5 1-0

[Event "Politiken"]
[Site "Copenhagen DEN"]
[Date "1996.06.23"]
[Round "2"]
[White "Nilsson, N"]
[Black "Andersen, P"]
[Result "1-0"]
[WhiteElo "2225"]
[BlackElo "2070"]

1. d4 Nf6 2. c4 c5 3. d5 e6 4. Nc3 exd5 5. Nxd5 Nxd5 6. cxd5 g6 7. Bd2 Bg7
8. Bc3 O-O 9. Nf3 d6 10. e3 Nd7 11. Be2 Nf6 12. Qb3 Rb8 13. a4 b6 14. O-O
a6 15. Nd2 Re8 16. Bf3 b5 17. axb5 axb5 18. Ra7 Qb6 19. Rfa1 c4 20. Qb4 Bg4
21. R1a6 Qc5 22. Qxc5 dxc5 23. Bxf6 Bxf3 24. gxf3 1-0

[Event "Politiken"]
[Site "Copenhagen DEN"]
[Date "1996.06.23"]
[Round "2"]
[White "Kogan, A"]
[Black "Rasmussen, P"]
[Result "1-0"]
[WhiteElo "2485"]
[BlackElo "2285"]

1. Nf3 Nf6 2. c4 g6 3. Nc3 Bg7 4. d4 O-O 5. Bg5 d6 6. Qd2 Nbd7 7. g3 c6 8.
Bg2 e5 9. O-O Re8 10. Rad1 Qc7 11. h3 a6 12. b3 b5 13. dxe5 dxe5 14. Qd6
Ra7 15. Nh2 Re6 16. Qxc7 Rxc7 17. Ng4 Ne8 18. Bd8 Rb7 19. cxb5 axb5 20. Ne3
Kf8 21. g4 Nc7 22. Ne4 Ke8 23. Bh4 Bf8 24. Ng5 Rd6 25. Nxh7 Rxd1 26. Rxd1
Be7 27. Bxe7 Kxe7 28. Bxc6 Rb6 29. Rc1 Bb7 30. Bxb7 Rxb7 31. Rxc7 Rxc7 32.
Nd5+ Kd6 33. Nxc7 Kxc7 34. h4 Kd6 35. Ng5 f6 36. Ne4+ Kd5 37. Nc3+ Kc5 38.
h5 gxh5 39. gxh5 Nf8 40. Ne4+ Kb4 41. Nxf6 Ka3 42. e4 b4 43. Nd5 1-0

[Event "Politiken"]
[Site "Copenhagen DEN"]
[Date "1996.06.23"]
[Round "2"]
[White "Hjartarson, J"]
[Black "Brinck Claussen, B"]
[Result "1-0"]
[WhiteElo "2570"]
[BlackElo "2380"]

1. e4 e6 2. d4 d5 3. Nc3 Bb4 4. e5 c5 5. a3 Bxc3+ 6. bxc3 Ne7 7. Nf3 Nbc6
8. h4 Qa5 9. Bd2 Bd7 10. h5 h6 11. Rb1 Qc7 12. Rh4 O-O-O 13. dxc5 Nxe5 14.
Rhb4 Bc6 15. Nd4 Nc4 16. Qg4 Qe5+ 17. Be2 Nxd2 18. Kxd2 Rd7 19. f4 Qf6 20.
Ba6 bxa6 21. Rb8+ Kc7 22. Rxh8 g5 23. Rf8 gxf4 24. Nxe6+ 1-0

[Event "Politiken"]
[Site "Copenhagen DEN"]
[Date "1996.06.23"]
[Round "2"]
[White "Pedersen, D"]
[Black "Sher, M"]
[Result "1/2-1/2"]
[WhiteElo "2250"]
[BlackElo "2500"]

1. e4 c5 2. c3 Nf6 3. e5 Nd5 4. d4 cxd4 5. Nf3 Nc6 6. Bc4 Nb6 7. Bb3 d5 8.
exd6 Qxd6 9. O-O Be6 10. Na3 dxc3 11. Qe2 Bxb3 12. Nb5 Qb8 13. axb3 a6 14.
Nbd4 e6 15. Nxc6 bxc6 16. Rxa6 Rxa6 17. Qxa6 Bd6 18. bxc3 1/2-1/2

[Event "Politiken"]
[Site "Copenhagen DEN"]
[Date "1996.06.23"]
[Round "2"]
[White "Haapasalo, JP"]
[Black "Nielsen, CJ"]
[Result "0-1"]
[WhiteElo "2240"]
[BlackElo "2080"]

1. e4 Nc6 2. Nf3 d6 3. d4 Nf6 4. Nc3 Bg4 5. Bb5 a6 6. Bxc6+ bxc6 7. h3 Bh5
8. Qe2 Nd7 9. e5 e6 10. O-O d5 11. Be3 c5 12. dxc5 Nxe5 13. g4 Nxf3+ 14.
Qxf3 Bg6 15. Bd4 h5 16. Rfe1 c6 17. Re5 hxg4 18. hxg4 Qh4 19. Rae1 Qh2+ 20.
Kf1 Rh3 21. Qg2 Qh1+ 22. Qxh1 Rxh1+ 23. Kg2 Rxe1 24. Rxe1 Bxc2 25. f4 Kd7
26. Kf3 f6 27. b3 Be7 28. Rh1 Rf8 29. Ke3 e5 30. fxe5 fxe5 31. Bxe5 Bg5+
32. Kd4 Rf3 0-1

[Event "Politiken"]
[Site "Copenhagen DEN"]
[Date "1996.06.23"]
[Round "2"]
[White "Kosebay, O"]
[Black "Dahl Pedersen, He"]
[Result "1-0"]
[WhiteElo "2220"]
[BlackElo "2055"]

1. e4 Nf6 2. e5 Nd5 3. d4 d6 4. Nf3 Bg4 5. Be2 e6 6. O-O Be7 7. c4 Nb6 8.
Be3 N8d7 9. exd6 cxd6 10. b3 h6 11. Nc3 O-O 12. h3 Bh5 13. Nh2 Bxe2 14.
Nxe2 Nf6 15. Ng3 Nbd7 16. f4 Qa5 17. f5 e5 18. Qe2 d5 19. dxe5 Nxe5 20.
Bxh6 dxc4 21. Bg5 cxb3 22. axb3 Qc3 23. Bxf6 Bxf6 24. Ne4 Qd4+ 25. Kh1 Nc6
26. Rad1 Qe5 27. Ng4 Qe7 28. Rd7 Qb4 29. Ngxf6+ gxf6 30. Qg4+ Kh8 31. Qh4+
Kg7 32. Qxf6+ Kh7 33. Qh4+ 1-0